<?xml version="1.0" encoding="UTF-8"?>
<record
    xmlns:xsi="http://www.w3.org/2001/XMLSchema-instance"
    xsi:schemaLocation="http://www.loc.gov/MARC21/slim http://www.loc.gov/standards/marcxml/schema/MARC21slim.xsd"
    xmlns="http://www.loc.gov/MARC21/slim">

  <leader>01360nam a22002537a 4500</leader>
  <controlfield tag="005">20120112143825.0</controlfield>
  <controlfield tag="008">120112t        xxu||||| |||| 00| 0 mar d</controlfield>
  <datafield tag="010" ind1=" " ind2=" ">
    <subfield code="a">MAR-22165</subfield>
  </datafield>
  <datafield tag="020" ind1=" " ind2=" ">
    <subfield code="c">200.00</subfield>
    <subfield code="a">9789380700656</subfield>
  </datafield>
  <datafield tag="035" ind1=" " ind2=" ">
    <subfield code="a">MR-14823</subfield>
  </datafield>
  <datafield tag="037" ind1=" " ind2=" ">
    <subfield code="b">DBAD/PUB</subfield>
  </datafield>
  <datafield tag="040" ind1=" " ind2=" ">
    <subfield code="a">DPL</subfield>
    <subfield code="b">MR</subfield>
  </datafield>
  <datafield tag="082" ind1=" " ind2=" ">
    <subfield code="a">330.9</subfield>
  </datafield>
  <datafield tag="100" ind1=" " ind2=" ">
    <subfield code="9">39079</subfield>
    <subfield code="a">&#x939;&#x94D;&#x92F;&#x942;&#x92C;&#x930;&#x92E;&#x93E;&#x928;, &#x932;&#x93F;&#x913;</subfield>
  </datafield>
  <datafield tag="245" ind1=" " ind2=" ">
    <subfield code="a">&#x92E;&#x93E;&#x923;&#x938;&#x93E;&#x91A;&#x94D;&#x92F;&#x93E; &#x910;&#x939;&#x93F;&#x915; &#x938;&#x941;&#x916;&#x93E;&#x91A;&#x940; &#x917;&#x94B;&#x937;&#x94D;&#x91F; /</subfield>
    <subfield code="c">&#x932;&#x93F;&#x913; &#x939;&#x94D;&#x92F;&#x942;&#x92C;&#x930;&#x92E;&#x93E;&#x928; ; &#x915;&#x93E;&#x902;&#x91A;&#x928; &#x928;&#x93F;&#x91C;&#x938;&#x941;&#x930;&#x947; [&#x924;&#x925;&#x93E;] &#x930;&#x92E;&#x947;&#x936; &#x92A;&#x93E;&#x927;&#x94D;&#x92F;&#x947; &#x926;&#x94D;&#x935;&#x93E;&#x930;&#x93E; &#x905;&#x928;&#x941;&#x935;&#x93E;&#x926;&#x93F;&#x924;</subfield>
  </datafield>
  <datafield tag="246" ind1=" " ind2=" ">
    <subfield code="a">Mansachya Ahik Sukhachi Gosta</subfield>
    <subfield code="b">by Leo Huberman</subfield>
  </datafield>
  <datafield tag="260" ind1=" " ind2=" ">
    <subfield code="a">&#x92E;&#x941;&#x902;&#x92C;&#x908;</subfield>
    <subfield code="b">&#x932;&#x94B;&#x915;&#x935;&#x93E;&#x921;&#x94D;.&#x92E;&#x92F; &#x917;&#x943;&#x939;</subfield>
    <subfield code="c">2012</subfield>
  </datafield>
  <datafield tag="270" ind1=" " ind2=" ">
    <subfield code="a">&#x92D;&#x942;&#x92A;&#x947;&#x936; &#x917;&#x941;&#x92A;&#x94D;&#x924;&#x93E; &#x92D;&#x935;&#x928; 85,&#x938;&#x92F;&#x93E;&#x928;&#x940; &#x930;&#x94B;&#x921;,&#x92A;&#x94D;&#x930;&#x92D;&#x93E;&#x926;&#x947;&#x935;&#x940;</subfield>
    <subfield code="b">&#x92E;&#x941;&#x902;&#x92C;&#x908;</subfield>
    <subfield code="e">400025</subfield>
  </datafield>
  <datafield tag="300" ind1=" " ind2=" ">
    <subfield code="a">&#x92C;&#x93E;&#x935;&#x940;&#x938;,326&#x92A;&#x943;</subfield>
    <subfield code="c">22&#x938;&#x947;&#x92E;&#x940;(&#x905;&#x91C;&#x93F;&#x932;&#x94D;&#x926;)</subfield>
    <subfield code="b">&#x928;&#x915;&#x936;&#x93E;</subfield>
  </datafield>
  <datafield tag="700" ind1=" " ind2=" ">
    <subfield code="a">&#x928;&#x93F;&#x91C;&#x938;&#x941;&#x930;&#x947;, &#x915;&#x93E;&#x902;&#x91A;&#x928; </subfield>
    <subfield code="9">47857</subfield>
  </datafield>
  <datafield tag="700" ind1=" " ind2=" ">
    <subfield code="a">&#x92A;&#x93E;&#x927;&#x94D;&#x92F;&#x947;, &#x930;&#x92E;&#x947;&#x936; </subfield>
    <subfield code="9">47862</subfield>
  </datafield>
  <datafield tag="942" ind1=" " ind2=" ">
    <subfield code="2">ddc</subfield>
    <subfield code="c">MR</subfield>
    <subfield code="m">&#x939;&#x94D;&#x92F;&#x942;&#x92C;</subfield>
    <subfield code="h">330.9</subfield>
  </datafield>
  <datafield tag="999" ind1=" " ind2=" ">
    <subfield code="c">67136</subfield>
    <subfield code="d">67136</subfield>
  </datafield>
  <datafield tag="952" ind1=" " ind2=" ">
    <subfield code="0">0</subfield>
    <subfield code="1">0</subfield>
    <subfield code="2">ddc</subfield>
    <subfield code="4">0</subfield>
    <subfield code="7">1</subfield>
    <subfield code="8">NFIC</subfield>
    <subfield code="a">DBAD</subfield>
    <subfield code="b">DBAD</subfield>
    <subfield code="d">2012-05-25</subfield>
    <subfield code="e">DBAD / PUB</subfield>
    <subfield code="g">200.00</subfield>
    <subfield code="l">0</subfield>
    <subfield code="o">330.9 &#x939;&#x94D;&#x92F;&#x942;&#x92C;</subfield>
    <subfield code="p">MR-14823</subfield>
    <subfield code="r">2012-05-25 00:00:00</subfield>
    <subfield code="t">1</subfield>
    <subfield code="v">200.00</subfield>
    <subfield code="w">2012-05-25</subfield>
    <subfield code="y">MR</subfield>
  </datafield>
</record>
